Landaufenthalt : Gedichte /

Hlavní autor: Kirsch, Sarah, 1935-2013
Jazyk: Němčina
Vydáno: Berlin : Aufbau-Verlag, 1967
Vydání: 1. Aufl.
Fyzický popis: 86 s.
Knihy
Uloženo v:
LEADER 00578nam a22002052a 4500
001 001328596
003 CZ BrMZK
005 20130923085852.0
007 ta
008 130923s1967 gw er 000 0 ger d
040 |a BOA001  |b cze 
100 1 |a Kirsch, Sarah,  |d 1935-2013  |7 ola2002101877  |4 aut 
245 1 0 |a Landaufenthalt :  |b Gedichte /  |c Sarah Kirsch 
250 |a 1. Aufl. 
260 |a Berlin :  |b Aufbau-Verlag,  |c 1967 
300 |a 86 s. 
910 |a BOA001  |b 2-0596.144 
990 |a BK 
991 |b 201309 
996 7 |b 2619010984  |c 2-0596.144  |l HP2  |r DEN  |n 0  |w 001426613  |u 000010  |a 1  |e BOA001  |j MZK50  |s A